| 000 | 00573nam a2200181 i 4500 | ||
|---|---|---|---|
| 001 | 75311 | ||
| 003 | ES-MaACL | ||
| 005 | 20250919111021.0 | ||
| 007 | t| | ||
| 008 | 040923s1971 sp ||||1| spa d | ||
| 100 | 1 |
_aGramsci, Antonio, _d1891-1937 _9241506 |
|
| 245 | 1 | 3 |
_aLa política y el estado moderno / _cAntonio Gramsci ; [traducción de Jordi Solé-Tura]. |
| 260 |
_aBarcelona : _bPenínsula, _c1971. |
||
| 300 |
_a209 p. ; _c18 cm. |
||
| 700 | 1 |
_aSolé Tura, Jordi, _d1930-2009 _9107136 |
|
| 852 |
_aES-MaACL _jC-50211 _bR.80309 |
||
| 999 |
_c75311 _d75311 |
||